Die 10 europäischen Länder mit der höchsten Ölproduktion - Statistiken

Allgemein
  • Dieses Quiz wurde 81 mal gespielt
    73 seit der letzten Aktualisierung
  • Das Durchschnittsergebnis liegt bei 7 aus 10
Antwortstatistiken
Rang Land % Korrekt
1 Russland
95%
2 Norwegen
94%
3 Vereinigtes Königreich
91%
8 Deutschland
84%
5 Italien
83%
7 Rumänien
70%
6 Dänemark
69%
4 Türkei
66%
10 Ungarn
47%
9 Weißrussland
42%
Keine übereinstimmenden Quizze gefunden
Verteilung der Resultate
Anzahl Personen mit jedem Resultat
Perzentil nach korrekt beantworteten Fragen
Ihre Resultats-Entwicklung
Sie haben dieses Quiz seit der letzten Aktualisierung nicht gespielt